000 00793cam a2200229 4500
008 160426n 000 0 eng u
020 _a9781634636018
035 _a(Sirsi) a196033
040 _a
050 _aQR 201.A72 ARB 2015
245 _aArbovirus:
_bpublic health experience from Zambia/
_cedited by Seter Siziya, Mazyanga L. Mazaba, and Joav Merrick
260 _aNew York:
_bNova Science Publishers,
_c2015
300 _avii, 158 p.:
_bill.
440 _aPublic health: practices, methods and policies
504 _aIncludes bibliographical references and index
650 _aArbovirus infections--Zambia
650 _aArboviruses--Zambia
650 _aArbovirus Infections--Zambia
700 _aSiziya, Seter
700 _aMerrick, Joav
700 _aMazaba, Mazyanga L.
999 _c126202
_d126202